Průsečník protichůdných faktorů. Bilance a perspektivy čs. zahraničního obchodu.

Vonkajšie ekonomické vzťahy ČSFR v r. 1990 boli ovplyvňované novými vonkajšími i vnútornými destabilizujúcimi faktormi. Ich charakteristika. Nevyhnutnosť nových prístupov a ich slabiny. Posun obchodnej bilancie od rovnovážnej položky do pasíva 22,7 mld. Kčs. Nepriaznivý výhľad vývoja vonkajších ekon...

Descrizione completa

Salvato in:
Dettagli Bibliografici
Autore principale: Angelis, I.
Natura: Capitolo di libro
Lingua:ceco
Soggetti:
Tags: Aggiungi Tag
Nessun Tag, puoi essere il primo ad aggiungerne!!

MARC

LEADER 00000naa a2200000 4500
001 r003579
005 20221125080218.3
041 0 |a cze 
044 |a [CS] 
245 1 0 |a Průsečník protichůdných faktorů.  |b Bilance a perspektivy čs. zahraničního obchodu.  |c I. Angelis 
520 |a Vonkajšie ekonomické vzťahy ČSFR v r. 1990 boli ovplyvňované novými vonkajšími i vnútornými destabilizujúcimi faktormi. Ich charakteristika. Nevyhnutnosť nových prístupov a ich slabiny. Posun obchodnej bilancie od rovnovážnej položky do pasíva 22,7 mld. Kčs. Nepriaznivý výhľad vývoja vonkajších ekonomických vzťahov pre rok 1991. Možné východiská z jestvujúcej situácie. 
610 2 0 |a obchod zahraničný 
610 2 0 |a ČSFR 
610 2 0 |a vzťahy hospodárske vonkajšie 
610 2 0 |a 1990 
610 2 0 |a bilancia obchodná 
100 1 |a Angelis, I.